000 00791nam a2200217 a 4500
001 000028777
005 20250307114820.0
008 110412s1981 dr 000 0 spa d
040 _aDO-SdBNP
_bspa
_cBNPHU
082 _a348.022
_bP581L, 1981
100 1 _aPiantini, Ramón A.
_954327
245 1 0 _aLegislación económica 1981 /
_cRamón A. Piantini.
260 _aSanto Domingo :
_bCEMYB,
_c1981.
300 _a39 p. ;
_c21 cm.
651 4 _aRepública Dominicana
_xPolítica Económica
_xLegislación
_919022
651 4 _aRepública Dominicana
_xLeyes
_916541
651 4 _aRepública Dominicana
_xCondiciones Económicas
_9281
710 2 _aCentro de Estudios Monetarios y Bancarios (Santo Domingo, República Dominica)
_96023
910 _aValidado. Control de calidad
049 _aBNPD
999 _c28269
_d28269